000 00342nam a2200145Ia 4500
008 230917s9999||||xx |||||||||||||| ||und||
040 _e201292
_aMAIN
041 _aEnglish
082 _a294.09 A84D
100 _aArun
245 0 _aDharam hai jeene ki kala
260 _aNew Delhi
_bVisva Bharati
_c2010
300 _a278 p.
942 _cBK
999 _c170025
_d170025